Corazón inquieto (Record no. 133463)

MARC details
000 -LEADER
campo de control de longitud fija 00728nam a2200193 i 4500
001 - NÚMERO DE CONTROL
campo de control 133463
003 - IDENTIFICADOR DE NÚMERO DE CONTROL
campo de control ES-MaACL
005 - FECHA Y HORA DE LA ÚLTIMA TRANSACCIÓN
campo de control 20230906194420.0
007 - CAMPO FIJO DE DESCRIPCIÓN FÍSICA--INFORMACIÓN GENERAL
campo de control de longitud fija t|
008 - DATOS DE LONGITUD FIJA--INFORMACIÓN GENERAL
campo de control de longitud fija 070814s1956 sp ||||1| spa d
100 1# - ENTRADA PRINCIPAL--NOMBRE DE PERSONA
Nombre de persona De Wohl, Louis.
9 (RLIN) 43085
245 10 - MENCIÓN DEL TÍTULO
Título Corazón inquieto
Resto del título : biografía novelada de San Agustín /
Mención de responsabilidad, etc. Louis de Wohl ; versión española de Magdalena Galligo ; supervisión de Ana María Arranz Carabias.
260 ## - PUBLICACIÓN, DISTRIBUCIÓN, ETC.
Lugar de publicación, distribución, etc. San Sebastián :
Nombre del editor, distribuidor, etc. Dinor,
Fecha de publicación, distribución, etc. 1956 (
Fabricante Imp. Industrial)
300 ## - DESCRIPCIÓN FÍSICA
Extensión 312 p. ;
Dimensiones 20 cm.
600 04 - PUNTO DE ACCESO ADICIONAL DE MATERIA--NOMBRE DE PERSONA
Nombre de persona Agustín
Títulos y otros términos asociados al nombre Santo, Obispo de Hipona-
Subdivisión general Biografías.
9 (RLIN) 18920
700 1# - ENTRADA AGREGADA--NOMBRE PERSONAL
Nombre de persona Galligo, Magdalena.
9 (RLIN) 53627
700 1# - ENTRADA AGREGADA--NOMBRE PERSONAL
Nombre de persona Arranz Carabias, Ana María.
9 (RLIN) 23222
852 ## - LOCALIZACIÓN
Ubicación ES-MaACL
Número de control de estantería C-11787
Sublocalización o colección R.39375
Holdings
Estatus retirado Estado de pérdida Estado de daño No para préstamo Biblioteca de origen Biblioteca actual Ubicación en estantería Fecha de adquisición Fuente de adquisición Total de préstamos Signatura topográfica completa Código de barras Visto por última vez Precio de reemplazo Tipo de ítem Koha
        Biblioteca del Ateneo de Madrid Biblioteca del Ateneo de Madrid Sala Palomar 17/01/2008     C-11787 1138938 23/02/2023 23/02/2023 Libro impreso